000 01431nam a2200397 a 4500
001 22954
003 SK-KTurca
005 20260513074758.0
008 251113s2000 xo a r 0 slo
015 _aSNBA2001/08-02702
020 _a8088963486
035 _aSNK000364836
040 _aSNK
_bslo
_cSNK
_eAACR2
041 0 _aslo
044 _axo
_cSK
080 _a635.92(084.12)
_21981
100 1 _aWeimar, Martin
_4aut
240 1 0 _aBalkonblumen in Töpfen, Kästen und Ampeln
_lSlovensky
245 1 0 _aBalkónové kvety v kvetináčoch, hrantíkoch a debničkách
_bodborné rady pri výbere, sadení a starostlivosti na každé ročné obdobie
_cMartin Weimar ; fotografie Friedrich Strauss ; kresby Marlene Gemkeová a Ushie Dornerová ; [z nemeckého originálu preložil Vladimír Varsik]
250 _a2. vyd.
260 _a[Bratislava]
_bMedia klub
_c2000
300 _a60 s.
_bfareb. fotogr.
_c20 cm
490 1 _aFarebné balkóny
500 _aIlustr. na tit. strane a front.
504 _aReg.
650 0 7 _abalkónové rastliny
_2SNKPH
655 7 _apríručky
_2SNKPH
700 1 _aStrauss, Friedrich
_4fot
700 1 _aGemke, Marlene
_4ill
700 1 _aDorner, Ushie
_4ill
700 1 _aVarsik, Vladimír,
_d1964-
_4trl
730 _aBalkonblumen in Töpfen, Kästen und Ampeln
830 0 _aFarebné balkóny
942 _2ddc
_cOLDO
_n0
999 _c22954
_d22954